| 000 | 00859nam a2200229 a 4500 | ||
|---|---|---|---|
| 005 | 20210223132246.0 | ||
| 008 | 131210s2006 es r 000 0 spa d | ||
| 020 | _a3833124644 (10 dígitos) | ||
| 020 | _a9783833124648 (13 dígitos) | ||
| 035 | _aUPN01000194705 | ||
| 049 | _aC | ||
| 050 | 4 |
_aML102 I5 _bA2.4 |
|
| 100 | 1 |
_aAbrashev, Bozhidar, _d1936- _934932 |
|
| 245 | 1 | 0 |
_aEnciclopedia ilustrada de los instrumentos musicales : _btodas las épocas y regiones del mundo / _cBozhidar Abrashev & Vladimir Gadjev ; tr. Mariano Ramírez. |
| 260 |
_aBarcelona, Esp. : _bKönemann, _cc2006. |
||
| 300 |
_a320 p. : _bil. col. |
||
| 534 |
_pTítulo original: _tIlyustrovana entsiklopedia na muzikalnite instrumenti |
||
| 650 | 4 |
_aINSTRUMENTOS MUSICALES - _vENCICLOPEDIAS _922829 |
|
| 700 | 1 |
_aGadjev, Vladimir, _ecoaut. |
|
| 905 | _aLibro | ||
| 999 |
_c166806 _d166806 |
||